[Event "Open de Provence 2015 B"]
[Site "Salon de Provence"]
[Date "2015.07.04"]
[Round "4.11"]
[White "Oziol, Joris"]
[Black "Philippe, Alexis"]
[Result "1-0"]
[WhiteElo "1666"]
[BlackElo "1268"]
[PlyCount "57"]
[EventDate "2015.??.??"]

1. d4 Nf6 2. Nf3 g6 3. Nc3 d5 4. Bf4 a6 5. e3 Bg7 6. Bd3 Nc6 7. a3 O-O 8. h3 b6
9. O-O e6 10. b4 Nd7 11. Rb1 Ne7 12. Na4 Bb7 13. Re1 Rc8 14. c4 b5 15. cxb5
axb5 16. Bxb5 c6 17. Be2 Nf5 18. Nb2 Ra8 19. Ra1 Ba6 20. Bxa6 Rxa6 21. Nd3 Re8
22. Qc2 f6 23. e4 dxe4 24. Rxe4 Nxd4 25. Nxd4 f5 26. Rxe6 Bxd4 27. Rxe8+ Qxe8
28. Qc4+ Kh8 29. Qxd4+ 1-0

[Event "Open de Provence 2015 B"]
[Site "Salon de Provence"]
[Date "2015.07.04"]
[Round "4.12"]
[White "Salvi, Angele"]
[Black "Mautret-Godard, Titouan"]
[Result "0-1"]
[WhiteElo "1064"]
[BlackElo "1462"]
[PlyCount "106"]
[EventDate "2015.??.??"]

1. e4 d6 2. Nf3 Nf6 3. Nc3 Nbd7 4. d4 e5 5. Be3 c6 6. h3 Be7 7. Qd2 a6 8. O-O-O
b5 9. a3 a5 10. g4 b4 11. g5 Bb7 12. gxf6 bxc3 13. Qxc3 Nxf6 14. Nd2 exd4 15.
Bxd4 c5 16. Bb5+ Kf8 17. Be3 Nxe4 18. Nxe4 Bxe4 19. Rhg1 Bg6 20. Rg4 Bf6 21.
Qd2 Bh5 22. Qxd6+ Qxd6 23. Rxd6 Bxg4 24. hxg4 Rd8 25. Rxd8+ Bxd8 26. Bxc5+ Kg8
27. b4 axb4 28. axb4 h5 29. gxh5 Rxh5 30. Bc6 g5 31. Kd1 Rh6 32. b5 Re6 33. c4
Ba5 34. Kc2 Re5 35. Bd4 Re2+ 36. Kb3 g4 37. f3 gxf3 38. Bxf3 Rd2 39. Be3 Rd3+
40. Ka4 Bd8 41. b6 Bxb6 42. Bxb6 Rxf3 43. c5 Kf8 44. Kb5 Ke7 45. c6 Kd6 46.
Bc5+ Kc7 47. Bb6+ Kc8 48. Bc5 f5 49. Bd6 f4 50. Kb6 Rf1 51. Bc5 f3 52. c7 f2
53. Kc6 Rc1 0-1

[Event "Open de Provence 2015 B"]
[Site "Salon de Provence"]
[Date "2015.07.04"]
[Round "4.13"]
[White "Chabaud, Philippe"]
[Black "Pietrac, Christian"]
[Result "0-1"]
[WhiteElo "1461"]
[BlackElo "1203"]
[PlyCount "86"]
[EventDate "2015.??.??"]

1. d4 Nf6 2. c4 g6 3. Nc3 Bg7 4. e4 d6 5. f3 O-O 6. Be3 Nfd7 7. Bd3 c5 8. Nge2
cxd4 9. Bxd4 Ne5 10. a3 Nbc6 11. Bf2 Nxd3+ 12. Qxd3 Ne5 13. Qc2 Nxc4 14. O-O
Be6 15. Nd4 Bd7 16. b3 Ne5 17. Qd2 h5 18. Rfc1 Kh7 19. Be3 Rc8 20. Nd5 Nc6 21.
b4 Nxd4 22. Bxd4 Rxc1+ 23. Rxc1 Bxd4+ 24. Qxd4 b6 25. Rc7 e5 26. Qc3 Be6 27.
Rxa7 Bxd5 28. exd5 Qh4 29. Rc7 Kg7 30. Rc4 Qg5 31. f4 Qf5 32. fxe5 dxe5 33. Qd2
Rd8 34. d6 Qe6 35. Rc6 e4 36. Qc3+ Kh6 37. d7 Qxd7 38. Rf6 Qd1+ 39. Rf1 Qd4+
40. Qxd4 Rxd4 41. Rxf7 Kg5 42. Rf2 e3 43. Re2 Rd1+ 0-1

[Event "Open de Provence 2015 B"]
[Site "Salon de Provence"]
[Date "2015.07.04"]
[Round "4.14"]
[White "Guyard, Gerard"]
[Black "Mars, Florence"]
[Result "1-0"]
[WhiteElo "1442"]
[BlackElo "1062"]
[PlyCount "52"]
[EventDate "2015.??.??"]

1. d4 Nf6 2. c4 e5 3. dxe5 Ng4 4. Nf3 Bc5 5. e3 Nc6 6. Be2 Ngxe5 7. O-O d6 8.
Nc3 O-O 9. a3 a5 10. Nd5 Bg4 11. b3 Nxf3+ 12. Bxf3 Bxf3 13. Qxf3 Ne5 14. Qg3
Re8 15. Bb2 Re6 16. Nf4 Rh6 17. Rad1 Qf6 18. Nd5 Nf3+ 19. Qxf3 Qxf3 20. gxf3
Rg6+ 21. Kh1 Kf8 22. Rg1 Rc8 23. Rxg6 hxg6 24. Nc3 Ke7 25. Ne4 Ba7 26. Bxg7 Rg8
1-0

[Event "Open de Provence 2015 B"]
[Site "Salon de Provence"]
[Date "2015.07.04"]
[Round "4.16"]
[White "Boghossian, Lucie"]
[Black "Borrini, Rodrigue"]
[Result "0-1"]
[WhiteElo "1100"]
[BlackElo "1110"]
[PlyCount "70"]
[EventDate "2015.??.??"]

1. e4 e5 2. Nf3 Nc6 3. Bb5 Bc5 4. c3 a6 5. Ba4 d6 6. d4 Bb6 7. Bg5 Nf6 8. O-O
Bg4 9. Qe1 h6 10. Bxf6 Qxf6 11. Nbd2 O-O 12. d5 Ne7 13. h3 Bxf3 14. Nxf3 c6 15.
Rd1 Rad8 16. Bb3 cxd5 17. Bxd5 Nxd5 18. Rxd5 Rfe8 19. Qe2 Qg6 20. Nh4 Qf6 21.
Rd2 Qxh4 22. Rd3 Rd7 23. c4 Red8 24. Rc3 Qf6 25. c5 Bxc5 26. Rf3 Qg6 27. Rg3
Qe6 28. Qg4 Qxg4 29. Rxg4 d5 30. Rd1 d4 31. Rd3 Bb6 32. Kh2 Rc8 33. Rdg3 f6 34.
Rxg7+ Rxg7 35. Rxg7+ Kxg7 0-1

[Event "Open de Provence 2015 B"]
[Site "Salon de Provence"]
[Date "2015.07.04"]
[Round "5.1"]
[White "Nguyen, Patrick"]
[Black "Mars, Fiona"]
[Result "0-1"]
[WhiteElo "1654"]
[BlackElo "1611"]
[PlyCount "36"]
[EventDate "2015.??.??"]

1. e4 {[%emt 0:00:00]} e5 {[%emt 0:00:00]} 2. Nf3 Nc6 3. Nc3 Bc5 4. Nxe5 Nxe5
5. d4 Bd6 6. dxe5 Bxe5 7. Qf3 Nf6 8. Bd3 O-O 9. h3 d6 10. Bg5 c6 11. O-O Qa5
12. Bd2 Be6 13. Qe2 Qb6 14. Kh1 Rfe8 15. a3 d5 16. f4 Bxc3 17. Bxc3 dxe4 18.
Bxf6 exd3 0-1

[Event "Open de Provence 2015 B"]
[Site "Salon de Provence"]
[Date "2015.07.04"]
[Round "5.2"]
[White "Montanelli, Tristan"]
[Black "Graells, Christian"]
[Result "1-0"]
[WhiteElo "1694"]
[BlackElo "1491"]
[PlyCount "83"]
[EventDate "2015.??.??"]

1. Nf3 Nf6 2. c4 c5 3. Nc3 Nc6 4. e3 e5 5. d3 Be7 6. a3 O-O 7. b3 d6 8. Be2 a6
9. O-O d5 10. cxd5 Nxd5 11. Bb2 Nxc3 12. Bxc3 Bd6 13. Qc2 Bf5 14. Qb2 f6 15.
Rad1 Qc7 16. Nh4 Be6 17. g3 Bh3 18. Ng2 Ne7 19. Bf3 Rae8 20. d4 b6 21. dxc5
Bxc5 22. b4 Bd6 23. Rc1 Qd7 24. Rfd1 Qf5 25. Nh4 Qe6 26. Bg2 Bxg2 27. Nxg2 Ng6
28. e4 Bb8 29. b5 a5 30. Rd3 Rc8 31. Bd2 Rc4 32. Qa2 Rfc8 33. Ne3 Nf4 34. Rxc4
Rc5 35. Rc2 Qxa2 36. Rxa2 Ne2+ 37. Kf1 Nd4 38. Nd5 Ba7 39. Be3 Rc4 40. Bxd4
exd4 41. Ne7+ Kf7 42. Nc6 1-0

[Event "Open de Provence 2015 B"]
[Site "Salon de Provence"]
[Date "2015.07.04"]
[Round "5.3"]
[White "Boghossian, Hugo"]
[Black "Frailinu, Jean-Bernard"]
[Result "1/2-1/2"]
[WhiteElo "1398"]
[BlackElo "1495"]
[PlyCount "119"]
[EventDate "2015.??.??"]

1. e4 e6 2. d4 d5 3. exd5 exd5 4. Nc3 Nf6 5. Bd3 Bb4 6. Nge2 O-O 7. O-O Bg4 8.
h3 Bh5 9. Bg5 Re8 10. Bxf6 gxf6 11. Re1 c6 12. a3 Bd6 13. Qd2 Kg7 14. Nf4 Bg6
15. Bxg6 hxg6 16. Nd3 Nd7 17. Rxe8 Qxe8 18. Re1 Qh8 19. Qd1 Qh6 20. Qg4 f5 21.
Qe2 Qg5 22. Qe3 f4 23. Qd2 Rh8 24. Kf1 Qf5 25. Qe2 Qf6 26. Qg4 Rd8 27. Ne2 g5
28. h4 Kg6 29. hxg5 Qxg5 30. Nexf4+ Bxf4 31. Nxf4+ Kh6 32. Re6+ Nf6 33. Qxg5+
Kxg5 34. Nh3+ Kf5 35. Re7 Rd7 36. Rxd7 Nxd7 37. f3 b6 38. Kf2 c5 39. c3 c4 40.
a4 a6 41. Ke3 b5 42. a5 Nb8 43. g4+ Ke6 44. Nf4+ Kd6 45. g5 Nc6 46. Ne2 Nxa5
47. Kf4 Nc6 48. Kf5 Nd8 49. Kf6 a5 50. f4 b4 51. cxb4 axb4 52. f5 c3 53. bxc3
b3 54. c4 dxc4 55. Nc3 Kd7 56. g6 fxg6 57. fxg6 Ne6 58. d5 Nf4 59. Ke5 Nxg6+
60. Kd4 1/2-1/2

[Event "Open de Provence 2015 B"]
[Site "Salon de Provence"]
[Date "2015.07.04"]
[Round "5.4"]
[White "Faillat, Alois"]
[Black "Malsan, Raynal"]
[Result "1-0"]
[WhiteElo "1430"]
[BlackElo "1484"]
[PlyCount "71"]
[EventDate "2015.??.??"]

1. e4 c5 2. Nf3 d6 3. d4 cxd4 4. Nxd4 Nf6 5. Nc3 a6 6. f3 e6 7. Bc4 Be7 8. Qe2
Qc7 9. Nb3 O-O 10. a3 b5 11. Bd3 Nc6 12. Bf4 Bb7 13. Qf2 Ne5 14. Bxe5 dxe5 15.
Ne2 Rfd8 16. Rc1 Nd7 17. Qg3 Nc5 18. Nxc5 Bxc5 19. h4 b4 20. axb4 Bxb4+ 21. Kf1
Bd2 22. Rd1 Be3 23. h5 h6 24. Rh4 Bg5 25. Rg4 f5 26. exf5 exf5 27. Rc4 Qe7 28.
Nc3 Rac8 29. Rxc8 Rxc8 30. Bxf5 Bc6 31. Bxc8 Bh4 32. Be6+ Kh8 33. Qxe5 Qb7 34.
Ne4 Bd5 35. c4 Bxe6 36. Nd6 1-0

[Event "Open de Provence 2015 B"]
[Site "Salon de Provence"]
[Date "2015.07.04"]
[Round "5.5"]
[White "Amoros, Jean"]
[Black "Konate, Salma"]
[Result "0-1"]
[WhiteElo "1437"]
[BlackElo "1373"]
[PlyCount "48"]
[EventDate "2015.??.??"]

1. e4 e6 2. d4 d5 3. Be3 dxe4 4. Nc3 Nf6 5. Bc4 Bb4 6. a3 Bxc3+ 7. bxc3 Bd7 8.
f3 Bc6 9. f4 Nbd7 10. Ne2 Nb6 11. Bb3 Nfd5 12. Qd2 Qh4+ 13. g3 Qg4 14. O-O h5
15. c4 Nf6 16. d5 exd5 17. Bxb6 dxc4 18. Bxc4 axb6 19. Qe3 O-O 20. Nd4 Bd7 21.
f5 c5 22. Ne6 fxe6 23. Be2 Qh3 24. Rf4 Nd5 0-1

[Event "Open de Provence 2015 B"]
[Site "Salon de Provence"]
[Date "2015.07.04"]
[Round "5.6"]
[White "Bartolomei, Romain"]
[Black "Mars, Theo"]
[Result "0-1"]
[WhiteElo "1289"]
[BlackElo "1634"]
[PlyCount "128"]
[EventDate "2015.??.??"]

1. e4 c6 2. d4 d5 3. Nc3 dxe4 4. Nxe4 Bf5 5. Qf3 e6 6. c3 Nf6 7. Bd3 Nxe4 8.
Bxe4 Bxe4 9. Qxe4 Qd5 10. f3 Qxe4+ 11. fxe4 c5 12. d5 exd5 13. exd5 c4 14. Bf4
Nd7 15. Bc7 Nf6 16. O-O-O Kd7 17. d6 Ne4 18. Rf1 f6 19. Nf3 Nxd6 20. Bxd6 Bxd6
21. Rd1 Kc6 22. Nd4+ Kb6 23. Nf5 Be5 24. Rd7 g6 25. Ne3 Bf4 26. Kd2 Rhd8 27.
Rd4 Rxd4+ 28. cxd4 Rd8 29. Ke2 Rxd4 30. Kf3 Bxe3 31. Kxe3 Kc5 32. Rc1 b5 33.
Ke2 Rd3 34. Rc2 Kd4 35. Rc1 b4 36. g4 c3 37. Rc2 Rd2+ 38. Rxd2+ cxd2 39. Kxd2
Ke4 40. g5 f5 41. Kc2 Ke3 42. Kb3 Ke2 43. Kxb4 f4 44. a4 f3 45. Kb5 f2 46. Ka6
f1=Q 47. b4 Qf2 48. a5 Qd4 49. b5 Kf3 50. b6 Qxb6+ 51. axb6 axb6 52. Kxb6 Kg4
53. Kc5 Kxg5 54. Kd4 Kh4 55. Ke3 Kh3 56. Kf3 Kxh2 57. Kg4 h5+ 58. Kf3 h4 59.
Kf2 h3 60. Kf3 Kg1 61. Kg3 h2 62. Kg4 h1=R 63. Kg5 Rh5+ 64. Kxg6 Ra5 0-1

[Event "Open de Provence 2015 B"]
[Site "Salon de Provence"]
[Date "2015.07.04"]
[Round "5.7"]
[White "Noireaut, Hoan"]
[Black "Guyard, Gerard"]
[Result "1-0"]
[WhiteElo "1667"]
[BlackElo "1442"]
[PlyCount "93"]
[EventDate "2015.??.??"]

1. d4 e5 2. dxe5 Nc6 3. Bf4 Qe7 4. Nc3 Qb4 5. Qd2 Nge7 6. e4 Ng6 7. a3 Qd4 8.
Qxd4 Nxd4 9. O-O-O Nb3+ 10. cxb3 Nxf4 11. g3 Ne6 12. f4 Bc5 13. b4 Be3+ 14. Kb1
O-O 15. Nd5 Bb6 16. Nf3 c6 17. Ne7+ Kh8 18. Nxc8 Raxc8 19. Rxd7 c5 20. bxc5
Nxc5 21. Rd5 Nxe4 22. Bh3 Rcd8 23. Rxd8 Rxd8 24. Rc1 Nc5 25. Ng5 Kg8 26. e6
fxe6 27. Nxe6 Nxe6 28. Bxe6+ Kh8 29. f5 Bd4 30. Rc7 b5 31. Rd7 Rxd7 32. Bxd7 a6
33. b4 Kg8 34. g4 Kf8 35. Bc8 a5 36. bxa5 Ke7 37. Ba6 Kf6 38. Bxb5 Kg5 39. h3
Kh4 40. Be2 Kxh3 41. Kc2 Kg3 42. Kd3 Be5 43. g5 Kf4 44. f6 gxf6 45. gxf6 Bc7
46. a6 Ke5 47. f7 1-0

[Event "Open de Provence 2015 B"]
[Site "Salon de Provence"]
[Date "2015.07.04"]
[Round "5.8"]
[White "Bohli, Adam"]
[Black "Oziol, Joris"]
[Result "1/2-1/2"]
[WhiteElo "1428"]
[BlackElo "1666"]
[PlyCount "41"]
[EventDate "2015.??.??"]

1. Nf3 g6 2. e4 Bg7 3. d4 d6 4. Bc4 c5 5. c3 cxd4 6. cxd4 Nf6 7. Nc3 O-O 8. Be3
Nbd7 9. Qd2 e5 10. O-O-O a6 11. dxe5 dxe5 12. Nxe5 Nxe4 13. Nxe4 Bxe5 14. Nc5
Qc7 15. Nxd7 Qxc4+ 16. Kb1 Qe4+ 17. Qd3 Qxd3+ 18. Rxd3 Bxd7 19. Rxd7 b5 20. f4
Bg7 21. Rhd1 1/2-1/2

[Event "Open de Provence 2015 B"]
[Site "Salon de Provence"]
[Date "2015.07.04"]
[Round "5.9"]
[White "Bouriel, Michel"]
[Black "Maccagno, Gilbert"]
[Result "1/2-1/2"]
[WhiteElo "1497"]
[BlackElo "1366"]
[PlyCount "100"]
[EventDate "2015.??.??"]

1. c4 Nf6 2. Nf3 d6 3. g3 g6 4. Bg2 Bg7 5. O-O c6 6. Nc3 Nbd7 7. d3 O-O 8. Rb1
Rb8 9. a4 Nc5 10. Be3 Ne6 11. Bxa7 Ra8 12. Be3 Ng4 13. Bd2 Nf6 14. b4 Bd7 15.
b5 Qc8 16. bxc6 Bxc6 17. d4 Nd8 18. d5 Bd7 19. Rb4 Qc5 20. Qb3 e5 21. Be3 Qa5
22. Ra1 h6 23. Bb6 Qa6 24. a5 Rc8 25. Bf1 Re8 26. e4 Rc5 27. Bxd8 Rxd8 28. Rxb7
Bf8 29. Qb6 Qxb6 30. axb6 g5 31. Rba7 Rb8 32. b7 Rc7 33. Rb1 Kg7 34. Na2 Nxe4
35. Rb6 Nc5 36. Nc3 Rcxb7 37. Raxb7 Rxb7 38. Rxb7 Nxb7 39. Kg2 Nc5 40. h3 f5
41. Ne1 e4 42. Nc2 Kf7 43. Nb4 h5 44. Be2 g4 45. Nc2 Nb3 46. Bd1 Nc5 47. Ne2
Nd3 48. Ncd4 Bg7 49. Nb5 Be5 50. Ba4 Ke7 1/2-1/2

[Event "Open de Provence 2015 B"]
[Site "Salon de Provence"]
[Date "2015.07.04"]
[Round "5.10"]
[White "Person, Claude"]
[Black "Mautret-Godard, Titouan"]
[Result "0-1"]
[WhiteElo "1227"]
[BlackElo "1462"]
[PlyCount "132"]
[EventDate "2015.??.??"]

1. e4 d6 2. d4 e5 3. dxe5 dxe5 4. Qxd8+ Kxd8 5. Bc4 Bc5 6. Bxf7 Nf6 7. f3 Rf8
8. Bb3 c6 9. c3 Nbd7 10. Ne2 b6 11. Bg5 h6 12. Bc1 Ba6 13. Ng3 Kc7 14. Nf5 Nh5
15. g4 g6 16. Nxh6 Nf4 17. Bxf4 Rxf4 18. Bd1 Raf8 19. Nd2 Be3 20. c4 Nc5 21.
Be2 Ne6 22. h4 Nd4 23. Kd1 Bxd2 24. Kxd2 Nxe2 25. Kxe2 Bxc4+ 26. Kd2 Rxf3 27.
b3 Rf2+ 28. Kc3 Bb5 29. Kb4 Rh8 30. g5 Rf4 31. Rae1 Rd8 32. a4 Rd4+ 33. Ka3 Bd3
34. h5 Bxe4 35. hxg6 Bxg6 36. Rxe5 Kd6 37. Rhe1 Rfe4 38. Ng4 Rxe1 39. Rxe1 Rxg4
40. Rd1+ Kc7 41. Re1 Rxg5 42. Re7+ Kb8 43. Rg7 Rg4 44. Rg8+ Kb7 45. Rg7+ Ka6
46. b4 Rg3+ 47. Kb2 Rg2+ 48. Kc3 Be4 49. b5+ cxb5 50. axb5+ Kxb5 51. Rxa7 Kc5
52. Rc7+ Bc6 53. Rh7 Rg3+ 54. Kb2 b5 55. Rh4 b4 56. Rf4 b3 57. Rh4 Bd5 58. Rh2
Kb4 59. Rh4+ Bc4 60. Rh2 Bd5 61. Rf2 Rc3 62. Rf4+ Bc4 63. Rf2 Bd3 64. Rf4+ Rc4
65. Rf8 Rc2+ 66. Ka1 Ra2# 0-1

[Event "Open de Provence 2015 B"]
[Site "Salon de Provence"]
[Date "2015.07.04"]
[Round "5.11"]
[White "Pietrac, Christian"]
[Black "Monteiro, Georges"]
[Result "1-0"]
[WhiteElo "1203"]
[BlackElo "1450"]
[PlyCount "84"]
[EventDate "2015.??.??"]

1. Nf3 d5 2. d3 Nf6 3. g3 Nbd7 4. Bg2 e5 5. O-O Bd6 6. c3 e4 7. Nd4 c6 8. Nf5
Bf8 9. f3 g6 10. Nh6 Bxh6 11. Bxh6 Qb6+ 12. d4 Qxb2 13. Qd2 Qxd2 14. Nxd2 exf3
15. exf3 Nf8 16. Bg7 Rg8 17. Bxf6 Bf5 18. Rfe1+ Ne6 19. Nb3 Kd7 20. Nc5+ Nxc5
21. Re7+ Kd6 22. dxc5+ Kxc5 23. Rxb7 Rge8 24. Bf1 d4 25. cxd4+ Kd5 26. Be5 f6
27. Bxf6 Re3 28. Bg2 Re2 29. f4+ Be4 30. Bxe4+ Rxe4 31. Rc1 Rae8 32. Rc5+ Kd6
33. Be5+ Ke6 34. Rxc6+ Kf5 35. Kf2 g5 36. Rf7+ Kg4 37. h3+ Kxh3 38. Rh6+ Kg4
39. fxg5 Rc8 40. Rh4+ Kxg5 41. Rxe4 Rc2+ 42. Re2 Rc1 1-0

[Event "Open de Provence 2015 B"]
[Site "Salon de Provence"]
[Date "2015.07.04"]
[Round "5.12"]
[White "Courtois, Jean-Baptiste"]
[Black "Ulloa, Philippe"]
[Result "1-0"]
[WhiteElo "1690"]
[BlackElo "1341"]
[PlyCount "35"]
[EventDate "2015.??.??"]

1. e4 e5 2. Nf3 d6 3. Bc4 h6 4. d3 Nf6 5. Nc3 a5 6. Be3 c6 7. d4 b5 8. dxe5
bxc4 9. exf6 Qxf6 10. Qd4 Qe6 11. O-O-O c5 12. Qd5 Ra7 13. Nd2 Qg6 14. Nxc4 Be6
15. Nxd6+ Bxd6 16. Qxd6 Nd7 17. Bxc5 Rb7 18. Qe7# 1-0

[Event "Open de Provence 2015 B"]
[Site "Salon de Provence"]
[Date "2015.07.04"]
[Round "5.13"]
[White "Borrini, Rodrigue"]
[Black "Misene, Milan"]
[Result "0-1"]
[WhiteElo "1110"]
[BlackElo "1417"]
[PlyCount "86"]
[EventDate "2015.??.??"]

1. e4 c5 2. Nf3 d6 3. c3 Nf6 4. e5 dxe5 5. Nxe5 Nfd7 6. Bb5 a6 7. Qb3 e6 8.
Bxd7+ Nxd7 9. Nxd7 Qxd7 10. O-O Bd6 11. Qd1 Qc7 12. Qa4+ b5 13. Qh4 Bb7 14. d4
cxd4 15. cxd4 Be7 16. Qg3 Qxg3 17. hxg3 Rd8 18. Be3 Bf6 19. Rd1 O-O 20. Nc3 Rd7
21. Rd2 Rc8 22. f3 Rdc7 23. Bf4 Rc4 24. Rad1 g5 25. Be3 h5 26. Ne4 Bxe4 27.
fxe4 Rc2 28. d5 Rxd2 29. Rxd2 exd5 30. exd5 g4 31. Bh6 Kh7 32. Be3 Be5 33. Kf2
Bd6 34. Rd3 Rc2+ 35. Rd2 Rxd2+ 36. Bxd2 Kg6 37. Ke3 Kf5 38. Kd4 Bxg3 39. Kc5 h4
40. d6 Ke6 41. Kd4 Bxd6 42. Be1 h3 43. gxh3 gxh3 0-1

[Event "Open de Provence 2015 B"]
[Site "Salon de Provence"]
[Date "2015.07.04"]
[Round "5.14"]
[White "Favarel-Lubeigt, Helina"]
[Black "Salvi, Angele"]
[Result "1-0"]
[WhiteElo "1296"]
[BlackElo "1064"]
[PlyCount "123"]
[EventDate "2015.??.??"]

1. c4 c5 2. Nc3 a6 3. g3 Nf6 4. Bg2 e6 5. Nf3 Be7 6. O-O O-O 7. d3 h6 8. Bd2
Nc6 9. e3 Rb8 10. b3 Nb4 11. d4 d5 12. Bc1 Ne4 13. Nxe4 dxe4 14. Nd2 f5 15. f3
b6 16. fxe4 Bb7 17. d5 Bf6 18. Rb1 Nxa2 19. Bb2 Nc3 20. Bxc3 Bxc3 21. Rc1 Qf6
22. exf5 exd5 23. cxd5 Qe5 24. Nc4 Qf6 25. e4 Bd4+ 26. Kh1 b5 27. Nd2 Be3 28.
Rc2 Rbc8 29. Nf3 c4 30. b4 Qe7 31. Re2 Qxe4 32. Nh4 Qd3 33. Qxd3 cxd3 34. Rxe3
d2 35. Rd3 Rc2 36. Rd1 Re8 37. R3xd2 Rxd2 38. Rxd2 Re1+ 39. Bf1 Rxf1+ 40. Kg2
Rb1 41. Rd4 Rb2+ 42. Kh3 Bc8 43. d6 Bd7 44. g4 Kf7 45. Re4 Kf6 46. Re7 Bc6 47.
Rc7 Rb3+ 48. Nf3 Rxf3+ 49. Kh4 g5+ 50. fxg6 Rd3 51. Rxc6 Kxg6 52. d7+ Kh7 53.
Rc7 Kg6 54. h3 Rd4 55. Ra7 h5 56. Rxa6+ Kh7 57. Ra7 Kg6 58. Rb7 Rd5 59. Rc7
hxg4 60. hxg4 Rd4 61. Kh3 Kf7 62. d8=Q+ 1-0

[Event "Open de Provence 2015 B"]
[Site "Salon de Provence"]
[Date "2015.07.04"]
[Round "5.15"]
[White "Mars, Florence"]
[Black "Philippe, Alexis"]
[Result "0-1"]
[WhiteElo "1062"]
[BlackElo "1268"]
[PlyCount "62"]
[EventDate "2015.??.??"]

1. e4 c5 2. Nf3 d6 3. Bb5+ Bd7 4. c4 Bxb5 5. cxb5 Qa5 6. Nc3 Nf6 7. d3 e6 8.
O-O Be7 9. Bd2 Qb6 10. a4 O-O 11. a5 Qc7 12. Re1 b6 13. axb6 Qxb6 14. h3 a6 15.
Be3 Nbd7 16. d4 axb5 17. dxc5 dxc5 18. e5 Rxa1 19. Qxa1 Nd5 20. Nxd5 exd5 21.
Rd1 d4 22. Bg5 Bxg5 23. Nxg5 Nxe5 24. Qb1 Qg6 25. Qxg6 fxg6 26. Ne6 Rc8 27. Kf1
d3 28. Ke1 c4 29. Nd4 b4 30. Nb5 c3 31. bxc3 bxc3 0-1

[Event "Open de Provence 2015 B"]
[Site "Salon de Provence"]
[Date "2015.07.04"]
[Round "5.16"]
[White "Aicardo, Hadrien"]
[Black "Boghossian, Lucie"]
[Result "1-0"]
[WhiteElo "1200"]
[BlackElo "1100"]
[PlyCount "62"]
[EventDate "2015.??.??"]

1. d4 d5 2. Nf3 c6 3. g3 e6 4. Bg2 f5 5. Nbd2 Nf6 6. c4 Bd6 7. b3 O-O 8. O-O
Nbd7 9. Bb2 Nb6 10. c5 Bc7 11. cxb6 axb6 12. Re1 Bd7 13. Qc2 Be8 14. a4 f4 15.
Ba3 Bd6 16. Bxd6 Qxd6 17. e4 dxe4 18. Nxe4 Nxe4 19. Rxe4 Bg6 20. Qe2 Bxe4 21.
Qxe4 Rae8 22. Qe5 Qb4 23. Rb1 Qa3 24. gxf4 Rf6 25. Qc7 Qa2 26. Re1 Qxb3 27.
Qxb7 Qxa4 28. Qxb6 Rxf4 29. Rc1 Rc8 30. Qb7 Rxd4 31. Qxc8+ Kf7 1-0

[Event "Open de Provence 2015 B"]
[Site "Salon de Provence"]
[Date "2015.07.04"]
[Round "6.1"]
[White "Graells, Christian"]
[Black "Mars, Fiona"]
[Result "0-1"]
[WhiteElo "1491"]
[BlackElo "1611"]
[PlyCount "90"]
[EventDate "2015.??.??"]

1. e4 e5 2. Nf3 Nc6 3. Bb5 a6 4. Ba4 Nf6 5. d3 b5 6. Bb3 Bc5 7. O-O O-O 8. Bg5
Bb7 9. Nc3 h6 10. Bh4 g5 11. Bg3 d6 12. a3 Nh5 13. Nxe5 Nxg3 14. Nxc6 Bxc6 15.
hxg3 Bd4 16. Qh5 Qf6 17. Nd5 Bxd5 18. Bxd5 Bxb2 19. Ra2 Rab8 20. f4 Bd4+ 21.
Kh2 Kg7 22. f5 a5 23. Kh3 a4 24. c3 Bxc3 25. Rc2 Ba5 26. Rc6 Kh7 27. e5 Qxe5
28. Bxf7 Qf6 29. Bg6+ Kg7 30. Rfc1 Rbc8 31. R1c5 dxc5 32. Rxf6 Rxf6 33. Qf3 Bb6
34. Qd5 Rcf8 35. Qd7+ R8f7 36. Qxb5 Re7 37. Qxa4 Rd6 38. Qc4 Rd4 39. Qxd4+ cxd4
40. Kg4 Re2 41. Kh5 Rxg2 42. f6+ Kxf6 43. Kxh6 Rh2+ 44. Bh5 c5 45. g4 c4 0-1

[Event "Open de Provence 2015 B"]
[Site "Salon de Provence"]
[Date "2015.07.04"]
[Round "6.2"]
[White "Konate, Salma"]
[Black "Montanelli, Tristan"]
[Result "0-1"]
[WhiteElo "1373"]
[BlackElo "1694"]
[PlyCount "186"]
[EventDate "2015.??.??"]

1. e4 c5 2. Nf3 Nc6 3. d4 cxd4 4. Nxd4 Qb6 5. Nb3 e6 6. Be3 Qc7 7. Nc3 Bb4 8.
Bd2 a6 9. a3 Be7 10. Qg4 Bf6 11. Bf4 Be5 12. Qxg7 Bxg7 13. Bxc7 Bxc3+ 14. bxc3
e5 15. f4 exf4 16. Bxf4 Nf6 17. Bd3 O-O 18. O-O Re8 19. Rae1 Ng4 20. Nd4 Nge5
21. Nf5 Re6 22. Re3 b5 23. Rg3+ Rg6 24. Bxe5 Nxe5 25. Ne7+ Kg7 26. Nxg6 hxg6
27. h4 d6 28. h5 Be6 29. hxg6 fxg6 30. Ra1 Rc8 31. Be2 Rc5 32. Rd1 Rc6 33. Re3
Kf6 34. Rf1+ Ke7 35. Ra1 g5 36. a4 b4 37. cxb4 Rxc2 38. Bxa6 Rb2 39. b5 Bc4 40.
Rae1 Bd3 41. Rc1 Ng6 42. Rc7+ Ke6 43. Bc8+ Ke5 44. Bd7 Nf4 45. Bh3 g4 46. g3
Nxh3+ 47. Kh1 Bxe4+ 48. Rxe4+ Kxe4 49. Re7+ Kd5 50. Rg7 Rb4 51. Kg2 Rxa4 52.
Rh7 Kc5 53. Rh5+ Kb6 54. Kf1 Rb4 55. Rd5 Rxb5 56. Rxd6+ Kc5 57. Rg6 Rb4 58. Kg2
Kd5 59. Rg8 Ke6 60. Re8+ Kf7 61. Re5 Kf6 62. Rc5 Rb2+ 63. Kf1 Rf2+ 64. Ke1 Rf3
65. Rc6+ Kg5 66. Rc5+ Kh6 67. Rc6+ Kh5 68. Rc5+ Ng5 69. Ke2 Rxg3 70. Kf2 Rc3
71. Rd5 Kh4 72. Rd8 Rc2+ 73. Ke3 g3 74. Kd3 Ra2 75. Rh8+ Kg4 76. Rh1 g2 77. Rg1
Kf3 78. Kc3 Kf2 79. Rxg2+ Kxg2 80. Kb3 Rd2 81. Kc3 Ne4+ 82. Kc4 Kf3 83. Kb5 Rc2
84. Kb4 Ke3 85. Kb3 Rc3+ 86. Kb4 Kd4 87. Kb5 Rc4 88. Kb6 Nd6 89. Ka5 Kc5 90.
Ka6 Rb4 91. Ka7 Kc6 92. Ka8 Kc7 93. Ka7 Ra4# 0-1

[Event "Open de Provence 2015 B"]
[Site "Salon de Provence"]
[Date "2015.07.04"]
[Round "6.3"]
[White "Frailinu, Jean-Bernard"]
[Black "Faillat, Alois"]
[Result "1-0"]
[WhiteElo "1495"]
[BlackElo "1430"]
[PlyCount "66"]
[EventDate "2015.??.??"]

1. c4 e5 2. Nc3 Nc6 3. g3 f5 4. d3 Nf6 5. Bg2 Bc5 6. a3 a6 7. b4 Bd4 8. Qc2 d6
9. Nf3 Bb6 10. O-O O-O 11. Nh4 Bd7 12. e3 Qe7 13. Bd2 Rae8 14. b5 Nb8 15. Bxb7
axb5 16. cxb5 e4 17. d4 g5 18. Ng2 h5 19. Nd5 Nxd5 20. Bxd5+ Kh7 21. a4 Qd8 22.
Qb3 h4 23. a5 Ba7 24. Bc4 Re7 25. Rfc1 Rg7 26. Be2 h3 27. Ne1 f4 28. Qc2 d5 29.
Qxc7 Qxc7 30. Rxc7 fxg3 31. fxg3 Rgf7 32. Bb4 Bg4 33. Rxf7+ Rxf7 1-0

[Event "Open de Provence 2015 B"]
[Site "Salon de Provence"]
[Date "2015.07.04"]
[Round "6.4"]
[White "Mars, Theo"]
[Black "Boghossian, Hugo"]
[Result "1-0"]
[WhiteElo "1634"]
[BlackElo "1398"]
[PlyCount "79"]
[EventDate "2015.??.??"]

1. c4 e5 2. Nc3 Nc6 3. g3 f5 4. d3 Bb4 5. Bd2 Bxc3 6. Bxc3 Nf6 7. Bg2 O-O 8. b4
a6 9. a4 d6 10. e3 Qe8 11. Ne2 Qh5 12. O-O f4 13. exf4 Bh3 14. fxe5 Ng4 15. Nf4
Rxf4 16. gxf4 Bxg2 17. Kxg2 dxe5 18. h3 Nf6 19. Qxh5 Nxh5 20. fxe5 Nf4+ 21. Kf3
Nxd3 22. Ke4 Ndxb4 23. Bxb4 Nxb4 24. Rab1 c5 25. Kf5 Re8 26. f4 Re7 27. e6 Nc2
28. Ke5 Nd4 29. Kd6 Rxe6+ 30. Kxc5 Ne2 31. Rxb7 Rf6 32. Rb6 Rf5+ 33. Kd6 Nxf4
34. c5 Rf6+ 35. Kd7 Rf7+ 36. Kc8 a5 37. Rd6 Rf8+ 38. Rd8 Rxd8+ 39. Kxd8 Ne6+
40. Ke7 1-0

[Event "Open de Provence 2015 B"]
[Site "Salon de Provence"]
[Date "2015.07.04"]
[Round "6.5"]
[White "Malsan, Raynal"]
[Black "Noireaut, Hoan"]
[Result "0-1"]
[WhiteElo "1484"]
[BlackElo "1667"]
[PlyCount "45"]
[EventDate "2015.??.??"]

1. e4 d6 2. d4 Nf6 3. Nc3 g6 4. f4 Bg7 5. Nf3 O-O 6. Be2 c6 7. O-O Qc7 8. Qe1
a6 9. Bd3 b5 10. e5 Ne8 11. Be3 b4 12. Ne4 a5 13. exd6 exd6 14. h3 Nf6 15.
Nxf6+ Bxf6 16. Qg3 Ba6 17. Bxa6 Nxa6 18. f5 c5 19. c3 bxc3 20. bxc3 cxd4 21.
cxd4 Qc3 22. fxg6 Qxe3+ 23. Kh1 0-1